Normal view
MARC view
- Kelsen, Hans,
Entry Nombre Personal
001 - NUMERO DE CONTROL
- campo de control: 28569
003 - IDENTIFICADOR DE NUMERO DE CONTROL
- campo de control: UPN
005 - FECHA Y HORA DE LA ÜLTIMA TRANSACCIÓN
- campo de control: 20230224130245.0
008 - DATOS DE LONGITUD FIJA
- campo de control de longitud fija: 230224n||acannaabn | ana |d
035 ## - NUMERO DE CONTROL
- Número de control: UPN11000000675
040 ## - FUENTE DE CATALOGACIÓN
- Agencia original de catalogación: UPN
- Lenguaje de catalogación: spa
- Agencia de transcripción: UPN
100 1# - ENCABEZAMIENTO - NOMBRE PERSONAL
- Nombre personal: Kelsen, Hans,
- Fechas asociadas con el nombre: 1881-1973
670 ## - FUENTE EN LA QUE SE LOCALIZARON DATOS
- Cita de la fuente: Teoría general del derecho y del Estado, 1958:
- Información localizada: portada (Hans Kelsen)
902 ## - CATALOGADOR
- Catalogador: DAA/211107
